000 00882nam a2200277Ia 4500
001 Z_253
003 CHAP
008 220113s1985 xx 000 0 und d
010 _a163227
040 _cCHAP
090 _aTesis A 302
100 _aAceves Ochoa, José
_9532
245 _aLos caprinos en los municipios de Ixmiquilpan, Tasquillo y Zimapan, Hgo. : situación actual y perspectivas /
_cJosé Aceves Ochoa, Rafael Bazán Bazán y Enrique Cortes Díaz
260 _aChapingo, Méx. :
_bEl autor,
_c1985
300 _a93 h. : mapas
502 _aTesis (Ing. Agrónomo Esp. en Zootecnia) -- UACH. Departamento de Zootecnia
650 _aGanadería
_xHidalgo
_944744
650 _aHidalgo
_xGanadería
_9137534
650 _aHidalgo
_xGanado cabrío
_9137535
901 _aTESIS A 302
902 _aM
910 _a1985
942 _c2
942 _c2
999 _c163227
_d163227